000 01251nam a2200325 a 4500
001 000115653
003 CHAP
005 20220329144543.0
008 190619s2018 mx a |sm |||||||spa d
010 _a112114
011 _a113086
040 _cCHAP
090 _aTesis
100 1 _aRodríguez Aguilar, Oliver.
_9136172
245 1 0 _aPrácticas políticas en la interfaz social del desarrollo forestal en el contexto de cambio climático: un estudio de caso en la selva Lacandona, Chiapas, México
_h[En línea]
_cpor Oliver Rodríguez Aguilar.
260 _aChapingo, Méx. :
_bEl autor,
_c2018.
500 _aPara ver el contenido del material haga clic en la liga
502 _aTesis (M. C. en Desarrollo Rural Regional) -- UACH. Dirección de Centros Regionales Universitarios
590 _aBATCH-UPD
_b05
_c20190619
_lUCH01
_h0954
590 _aE6337LMJ
_b05
_c20190619
_lUCH01
_h0953
590 _aE6337LMJ
_b05
_c20190619
_lUCH01
_h0953
650 1 4 _aCambio climático.
_917781
650 1 4 _aDesarrollo forestal.
_932059
650 1 4 _aPolítica forestal.
_990563
650 1 4 _aSelva Lacandona.
_9103818
856 _aFinding aid
_uhttp://10.13.5.2/tesis/sist115653.pdf
_zTeclea aquí
901 _aBK
942 _cTESIS
942 _n0
999 _c112114
_d112114